Officium Beatae Mariae. Ad vesperas (Oficio de las Vísperas de María) (Record no. 8335)

MARC details
000 -CABECERA
campo de control de longitud fija 01218nam a2200301 a 4500
001 - NÚMERO DE CONTROL
campo de control BRCA_8678
003 - IDENTIFICADOR DEL NÚMERO DE CONTROL
campo de control FranzMayer
005 - FECHA Y HORA DE LA ÚLTIMA TRANSACCIÓN
campo de control 20210407103707.0
008 - DATOS DE LONGITUD FIJA--INFORMACIÓN GENERAL
campo de control de longitud fija 081216s1800----mx-#######---#000-0#lat-#
040 ## - FUENTE DE LA CATALOGACIÓN
Centro/agencia transcriptor TV/MFM
041 ## - CÓDIGO DE LENGUA
Código de lengua del texto/banda sonora o título independiente lat
050 #4 - SIGNATURA TOPOGRÁFICA DE LA BIBLIOTECA DEL CONGRESO
Número de clasificación BV169
Número de documento/Ítem .V57
245 10 - MENCIÓN DE TÍTULO
Título Officium Beatae Mariae. Ad vesperas (Oficio de las Vísperas de María)
260 ## - PUBLICACIÓN, DISTRIBUCIÓN, ETC.
Lugar de publicación, distribución, etc. [s.l.]
Nombre del editor, distribuidor, etc. [s.i.]
Fecha de publicación, distribución, etc. 1800
300 ## - DESCRIPCIÓN FÍSICA
Extensión 1 vol. (sin paginación)
Dimensiones 64 cm
500 ## - NOTA GENERAL
Nota general Fondo antiguo
500 ## - NOTA GENERAL
Nota general Se encuentra en Caja Fuerte
500 ## - NOTA GENERAL
Nota general X-544
500 ## - NOTA GENERAL
Nota general Libro de coro de las religiosas agustinas a Nuestra Señora del PilarCon letras capitulares en color rojo y azul
500 ## - NOTA GENERAL
Nota general Contiene pentagramas musicales
500 ## - NOTA GENERAL
Nota general Estado físico: daño por polilla localizado en la parte inferior de las primeras páginas del documento
500 ## - NOTA GENERAL
Nota general Nota de encuadernación: piel sobre madera con ornamentos dorados, broches y herrajes en oro, cantos en color rojo
506 0# - NOTA DE RESTRICCIONES AL ACCESO
Limitaciones de acceso Fondo reservado: para su consulta es necesario credencial de usuario y carta de motivos
650 14 - PUNTO DE ACCESO ADICIONAL DE MATERIA--TÉRMINO DE MATERIA
Término de materia o nombre geográfico como elemento de entrada Iglesia católica
Término indicativo de función/relación Liturgia
Subdivisión de forma Manuscritos
9 (RLIN) 21645
650 14 - PUNTO DE ACCESO ADICIONAL DE MATERIA--TÉRMINO DE MATERIA
Término de materia o nombre geográfico como elemento de entrada Libros de coro
Término indicativo de función/relación Iglesia católica
9 (RLIN) 21646
902 ## - CATALOGADOR
Iniciales LAR
942 ## - ELEMENTOS DE PUNTO DE ACCESO ADICIONAL (KOHA)
Fuente del sistema de clasificación o colocación Library of Congress Classification
Tipo de ítem Koha Libros
Holdings
Estado de retiro Estado de pérdida Estado dañado No para préstamo Localización permanente Ubicación/localización actual Fecha de adquisición Número de inventario Total de préstamos Signatura topográfica completa Código de barras Fecha visto por última vez Precio válido a partir de Tipo de ítem Koha
El ejemplar forma parte de la colección y puede ser consultado según las políticas vigentes.       Biblioteca del Museo Franz Mayer (Rogerio Casas-Alatriste) Biblioteca del Museo Franz Mayer (Rogerio Casas-Alatriste) 08/12/2016 X-544   BV169 .V57 1800 (X-544) LAR00175 22/03/2019 22/03/2019 Libros